000 00947nam a22003017a 4500
001 5811
003 FISKH
005 20250506083755.0
008 250123b cb ||||| |||| 00| 0 eng d
020 _a0590056638
040 _aFISKH
_beng
_cFISKH
_dFISKH
050 _aE312.W35
082 _a973.3092
100 _aFritz, Jean
_d(1915–2017)
245 _aGeorge Washington's mother /
_cBy Jean Fritz Illustrated by DyAnne DiSalvo Sydney
250 _aFirst printing in 1997
260 _aNew York :
_bScholastic,
_c1997.
300 _a48 pages :
_bcolor illustrations ;
_c23 cm
505 _aJ
520 _aDescribes the life of the mother of our first president and her relationship with her children.
521 8 _a500
_bLexile
521 8 _aJ
_bRaz-Plus
650 _2Historical fiction
_aPresidents
650 _2Mothers
_aFebruary
700 _aDiSalvo-Ryan, DyAnne
_dillustrator
942 _2ddc
_cBK
_n0
999 _c5811
_d5811